| 000 | 00897nam0a22002771 4500 | ||
|---|---|---|---|
| 001 | v19\rc\1369433 | ||
| 005 | 20250618083846.0 | ||
| 035 | _a(NLR Aleph) 004508163 | ||
| 090 |
_a4742092 _c4742092 |
||
| 100 | _a20060512d1867 |||y0rusy50 ca | ||
| 101 | 0 | _arus | |
| 102 | _aRU | ||
| 105 | _aa z ||||| | ||
| 200 | 1 |
_aРуководство к феллопластике или резьбе из коры пробкового дерева _fСост. К.В. _gКабинет игр. забав, опытов и знаний |
|
| 210 |
_aСанкт-Петербург _cЯ. Фосс _d1867 |
||
| 215 |
_a[2], 23 с. _cил. _d16 |
||
| 702 | 0 |
_aК.В. _4220 |
|
| 801 | 0 |
_aRU _bNLR _gpsbo |
|
| 801 | 0 |
_aRU _bRuMoRGB _2psbo |
|
| 801 | 1 |
_aRU _bProSoft-M _2rusmarc |
|
| 852 |
_aNLR _j18.91.4.12 |
||
| 899 |
_aRuMoRGB _jE 81/255 |
||
| 899 |
_aRuMoRGB _jP 67/864 |
||
| 899 | _aБАН | ||
| 942 | _cBOOK | ||
| 980 | _aNB | ||